[Event "POL-chT3"]
[Site "Jastrzebia Gora POL"]
[Date "2015.??.??"]
[Round "5.100"]
[White "Czapla, Andrzej"]
[Black "Zielinski, Wojciech"]
[Result "1/2-1/2"]
[WhiteElo "1930"]
[BlackElo "2187"]
[EventDate "2015.??.??"]
[WhiteTitle "I"]
[BlackTitle "I++"]

1.Nf3 Nf6 2.c4 g6 3.b4 Bg7 4.Bb2 O-O 5.g3 c6 6.Bg2 a5 7.b5 cxb5 8.cxb5 Qb6
9.a4 Ne4 10.d4 d5 11.O-O Nc6 12.Nbd2 Nb4 13.Nb3 Bf5 14.Ne5 Rac8 15.Nd3 Nc2
16.Rc1 Nxd4 17.Nxd4 Bxd4 18.Bxe4 dxe4 19.Bxd4 Qxd4 20.Nc5 Qe5 21.Nxb7 Bh3 
22.Nxa5 Rxc1 23.Qxc1 Bxf1 24.Nc6 Qd6 25.Kxf1 e3 26.fxe3 Kg7 27.Qc3+ f6 28.
Qd4 Qe6 29.Qc5 Qe4 30.Qxe7+ Qxe7 31.Nxe7 Ra8 32.Nc6 Rxa4 33.Kf2 Ra1 34.e4 
Rb1 35.Nd4 Kf7 36.h4 Ke7 37.g4 Kd6 38.g5 fxg5 39.hxg5 Ke5 40.Ke3 Rd1 41.
Nf3+ Kd6 42.Kf4 Rb1 43.Nd4 Rb4 44.e3 Rb1 45.e5+ Kd5 46.e6 Rf1+ 47.Kg3 Rf8 
48.Kg4 Kd6 49.Kg3 Rf1 50.Kg2 Rf8 51.Kg3 Kd5 52.Kg4 Kd6 53.Kg3 Kd5 54.Kg4 
Rb8 55.Kf4 Rf8+ 56.Kg4 Rb8 57.Kf4 Rb7 58.Nc6 Kd6 59.Nd4 Ra7 60.Ke4 Ra1 61.
Kf4 Rf1+ 62.Kg3 Rg1+ 63.Kf4 Rg2 64.e4 Rf2+ 65.Ke3 Rf8 66.Kd3 Rc8 67.e7 
Kxe7 68.e5 Rc1 69.Ke4 Rg1 70.Kd5 Kd7 71.b6 Rxg5 72.b7 Rxe5+ 73.Kxe5 Kc7 
74.Ne6+ 1/2-1/2

[Event "POL-chT3"]
[Site "Jastrzebia Gora POL"]
[Date "2015.??.??"]
[Round "5.101"]
[White "Grota, Mateusz"]
[Black "Szczygiel, Konrad"]
[Result "0-1"]
[WhiteElo "1890"]
[BlackElo "1815"]
[EventDate "2015.??.??"]
[WhiteTitle "I"]
[BlackTitle "I"]

1.e4 c5 2.Nf3 d6 3.d4 cxd4 4.Nxd4 Nf6 5.Nc3 a6 6.Bg5 e6 7.f4 Be7 8.Qf3 Qc7
9.O-O-O b5 10.Bxf6 gxf6 11.f5 b4 12.Nb1 h5 13.fxe6 fxe6 14.e5 fxe5 15.Qxa8
Bg5+ 16.Nd2 exd4 17.Qe4 Be3 18.Be2 d5 19.Bxh5+ Rxh5 20.Qg4 Rf5 21.Rhf1 Qf7
22.Rxf5 Qxf5 23.Qxf5 exf5 24.Kb1 f4 25.Nb3 Nc6 26.Nc5 Ke7 27.Rf1 Bg4 28.
Nd3 Be2 29.Re1 Bxd3 30.cxd3 Ne5 31.Kc2 Kf6 32.Rd1 Ng4 33.Rh1 Nf2 34.Rf1 
Kg5 35.Re1 Kg4 36.Rf1 Kh4 37.Re1 Kg4 38.Rf1 f3 39.gxf3+ Kxf3 40.Re1 Nh3 
41.a3 bxa3 42.bxa3 Kf2 43.Rb1 Ke2 44.Rb6 Nf4 45.Rb3 Ng2 0-1

[Event "POL-chT3"]
[Site "Jastrzebia Gora POL"]
[Date "2015.??.??"]
[Round "5.102"]
[White "Waszczuk, Patrycja"]
[Black "Cichocka, Urszula"]
[Result "1-0"]
[WhiteElo "1926"]
[BlackElo "1697"]
[EventDate "2015.??.??"]
[WhiteTitle "I++"]
[BlackTitle "I++"]

1.e4 e6 2.d4 d5 3.Nd2 Nf6 4.e5 Nfd7 5.Bd3 c5 6.c3 Nc6 7.Ne2 Qb6 8.Nf3 cxd4
9.cxd4 Be7 10.O-O f6 11.exf6 Nxf6 12.a3 a5 13.Rb1 O-O 14.Bg5 Ng4 15.Bxe7 
Nxe7 16.Qc2 Nf6 17.Rfc1 Nc6 18.Qc5 Qxc5 19.Rxc5 Nd7 20.Rc3 e5 21.dxe5 
Ndxe5 22.Nxe5 Nxe5 23.Bb5 Bf5 24.Rd1 Rad8 25.Rc5 Be6 26.Nd4 b6 27.Rc7 Bd7 
28.Re1 Bxb5 29.Rxe5 Rfe8 30.f4 Bd3 31.Ne6 Rc8 32.Rxg7+ Kh8 33.Rg3 Rc1+ 34.
Kf2 Rf1+ 35.Ke3 Re1+ 36.Kxd3 Rxe6 37.Rxe6 Rxe6 38.Rg5 Rh6 39.h3 Rf6 40.g3 
Rh6 41.h4 Re6 42.Rxd5 Kg7 43.Rd7+ Kg6 44.g4 Re1 45.Rd6+ Kg7 46.Rxb6 Rh1 
47.h5 Rh4 48.Rb5 Rxg4 49.Rg5+ Rxg5 50.fxg5 1-0

[Event "POL-chT3"]
[Site "Jastrzebia Gora POL"]
[Date "2015.??.??"]
[Round "5.104"]
[White "Badyra, Wasyl"]
[Black "Pajak, Jakub"]
[Result "1/2-1/2"]
[WhiteElo "2030"]
[BlackElo "1812"]
[EventDate "2015.??.??"]
[WhiteTitle "I"]
[BlackTitle "I+"]

1.e4 c5 2.Nf3 Nc6 3.Bb5 g6 4.Nc3 Bg7 5.O-O d6 6.d3 Bd7 7.Bg5 Nf6 8.Re1 O-O
9.Nd5 Nxd5 10.exd5 Ne5 11.Bxd7 Qxd7 12.Nxe5 dxe5 13.Qf3 b6 14.Rad1 e6 15.
Bf6 Qxd5 16.Qxd5 exd5 17.Bxg7 Kxg7 18.Rxe5 Rad8 19.Rde1 Rd7 20.f4 Rfd8 21.
Kf2 Kf6 22.g4 h6 23.h4 Rg8 24.Kf3 Rgd8 25.h5 gxh5 26.Rxh5 Kg7 27.Rhe5 Kf6 
28.Kg3 Rg8 29.Kh4 Rgd8 30.Kh5 Kg7 31.Re7 d4 32.g5 hxg5 33.Kxg5 Rd5+ 34.
R1e5 a5 35.a4 R8d6 36.Kf5 Rf6+ 37.Ke4 Rdd6 38.Rf5 Rxf5 39.Kxf5 Rf6+ 40.Ke4
Kg6 1/2-1/2

[Event "POL-chT3"]
[Site "Jastrzebia Gora POL"]
[Date "2015.??.??"]
[Round "5.105"]
[White "Koziol, Pawel"]
[Black "Budnik, Mateusz"]
[Result "0-1"]
[WhiteElo "1927"]
[BlackElo "1981"]
[EventDate "2015.??.??"]
[WhiteTitle "I++"]
[BlackTitle "I++"]

1.Nf3 Nf6 2.g3 g6 3.Bg2 Bg7 4.O-O O-O 5.c4 d6 6.Nc3 Nbd7 7.d3 e5 8.Bg5 h6 
9.Bd2 Kh7 10.Rb1 Ne8 11.e4 Nc5 12.Qc2 a5 13.Na4 Nxa4 14.Qxa4 Bd7 15.Qc2 
Qc8 16.c5 Be6 17.cxd6 Nxd6 18.Rbc1 c6 19.Bc3 f6 20.a4 c5 21.Ne1 Qd7 22.f4 
Rfe8 23.Nf3 Bg8 24.Rf2 b6 25.Bf1 Qe6 26.Nd2 Rad8 27.Be2 f5 28.fxe5 Bxe5 
29.Rcf1 fxe4 30.dxe4 Bxc3 31.Qxc3 Qe5 32.Qxe5 Rxe5 33.Rf6 Ne8 34.Nf3 Rxe4 
35.Rxb6 Rxe2 36.Nh4 Rd6 37.Rxd6 Nxd6 38.Rf6 Re6 0-1

[Event "POL-chT3"]
[Site "Jastrzebia Gora POL"]
[Date "2015.??.??"]
[Round "5.107"]
[White "Herman, Monika"]
[Black "Stolarczyk, Adam"]
[Result "0-1"]
[WhiteElo "1735"]
[BlackElo "2160"]
[EventDate "2015.??.??"]
[WhiteTitle "I++"]
[BlackTitle "k"]

1.d4 Nf6 2.Nf3 d6 3.Bf4 g6 4.e3 Bg7 5.h3 O-O 6.Be2 Nbd7 7.c3 Qe8 8.Bh2 e5 
9.dxe5 dxe5 10.O-O Ne4 11.Nbd2 Nd6 12.Nc4 Nxc4 13.Bxc4 Nb6 14.Bb3 a5 15.
Bc2 Qe7 16.Qe2 Be6 17.Rfd1 Bc4 18.Qe1 Kh8 19.b3 e4 20.Nd4 Ba6 21.Rac1 Rfe8
22.c4 Qc5 23.Rd2 Re7 24.Rcd1 Rae8 25.Ne2 Qb4 26.Qf1 h6 27.Rd8 Rxd8 28.
Rxd8+ Kh7 29.Qd1 f5 30.h4 h5 31.Bf4 a4 32.Kh1 Rf7 33.Ng1 Bf6 34.Re8 Rd7 
35.Qb1 a3 36.Nh3 Qc3 37.Ng5+ Kg7 38.Bxe4 Qb2 39.Qe1 Bc3 40.Qxc3+ Qxc3 41.
Be5+ Qxe5 42.Rxe5 fxe4 43.Rxe4 Nc8 44.Rd4 Rxd4 45.Ne6+ Kf6 46.Nxd4 Nd6 47.
Nc2 b5 48.Nxa3 bxc4 49.bxc4 Nxc4 0-1

[Event "POL-chT3"]
[Site "Jastrzebia Gora POL"]
[Date "2015.??.??"]
[Round "5.108"]
[White "Pyzewska, Ewelina"]
[Black "Baranska, Monika"]
[Result "0-1"]
[WhiteElo "1316"]
[BlackElo "1686"]
[EventDate "2015.??.??"]
[WhiteTitle "II"]
[BlackTitle "I++"]

1.e4 e6 2.d4 d5 3.e5 c5 4.c3 Qb6 5.Nf3 Bd7 6.Be2 Bb5 7.O-O Bxe2 8.Qxe2 Nc6
9.Rd1 cxd4 10.cxd4 Nge7 11.b3 Nf5 12.Be3 Nxe3 13.Qxe3 Be7 14.Nc3 O-O 15.
Qf4 f6 16.Qg3 fxe5 17.dxe5 Rf5 18.Rd2 Raf8 19.Ne2 Bc5 20.Rf1 Nxe5 21.Ned4 
Nxf3+ 22.Nxf3 Bd6 23.Qg4 R8f6 24.Rd4 Rg6 25.Qh4 Rxf3 26.g3 Bc5 27.Rd2 Rgf6
28.g4 Rh6 0-1

[Event "POL-chT3"]
[Site "Jastrzebia Gora POL"]
[Date "2015.??.??"]
[Round "6.1"]
[White "Kantans, Toms"]
[Black "Wandzik, Wojciech"]
[Result "1-0"]
[WhiteElo "2502"]
[BlackElo "2360"]
[EventDate "2015.??.??"]
[WhiteTitle "IM"]
[BlackTitle "m"]

1.e4 c5 2.Nf3 e6 3.g3 Nc6 4.Bg2 g6 5.d4 cxd4 6.Nxd4 Qb6 7.Nb3 d6 8.O-O Nf6
9.a4 h5 10.h3 Be7 11.Be3 Qc7 12.f4 d5 13.e5 Nd7 14.N1d2 Nb6 15.c3 Nc4 16.
Nxc4 dxc4 17.Nd2 Na5 18.Qe2 Bd7 19.Qf2 Kf8 20.Ne4 Bc6 21.Nd6 Bxg2 22.Qxg2 
Kg7 23.Rad1 Rhd8 24.g4 hxg4 25.hxg4 Qc6 26.Qxc6 bxc6 27.Bc5 Nb3 28.Ba3 
Bxd6 29.Bxd6 f5 30.exf6+ Kxf6 31.Kg2 Kf7 32.Rh1 Rh8 33.Be5 Rxh1 34.Rxh1 
Rd8 35.Rh7+ Ke8 36.Rxa7 Nc5 37.Bd4 Nd3 38.Kf3 Nxb2 39.a5 Na4 40.Rg7 c5 41.
Rg8+ Kd7 42.Rxd8+ Kxd8 43.Be5 Kd7 44.Ke4 1-0

[Event "POL-chT3"]
[Site "Jastrzebia Gora POL"]
[Date "2015.??.??"]
[Round "6.2"]
[White "Mroziak, Maciej"]
[Black "Kolosowski, Mateusz"]
[Result "1/2-1/2"]
[WhiteElo "2338"]
[BlackElo "2425"]
[EventDate "2015.??.??"]
[WhiteTitle "m"]
[BlackTitle "IM"]

1.e4 e5 2.Nf3 Nc6 3.Bb5 a6 4.Bxc6 dxc6 5.d4 exd4 6.Qxd4 Qxd4 7.Nxd4 Bd7 8.
Be3 O-O-O 9.Nc3 c5 10.Nde2 Bc6 11.f3 b6 12.Kf2 g6 13.Rad1 Rxd1 14.Rxd1 Bg7
15.Bg5 Nf6 16.Nd5 Bxd5 17.exd5 h6 18.Be3 Rd8 19.c4 c6 20.Nc3 cxd5 21.cxd5 
Kb7 22.a4 a5 23.h4 Rd7 24.Rd2 Ne8 25.Nb5 Nf6 26.Nc3 Ne8 27.Nb5 Nf6 28.Nc3 
Ne8 1/2-1/2

[Event "POL-chT3"]
[Site "Jastrzebia Gora POL"]
[Date "2015.??.??"]
[Round "6.3"]
[White "Cukrowski, Filip"]
[Black "Lizak, Jakub"]
[Result "1-0"]
[WhiteElo "2318"]
[BlackElo "2113"]
[EventDate "2015.??.??"]
[WhiteTitle "m"]
[BlackTitle "k"]

1.e4 e5 2.Nc3 Nc6 3.g3 Bc5 4.Bg2 d6 5.Nge2 Nge7 6.Na4 Bg4 7.f3 Be6 8.c3 
Bb6 9.Nxb6 axb6 10.b3 Qd7 11.d4 Bh3 12.O-O Bxg2 13.Kxg2 f5 14.d5 Nb8 15.c4
b5 16.cxb5 Qxb5 17.Bg5 Nc8 18.exf5 O-O 19.Nc3 Qb4 20.Qc2 h6 21.Bd2 Qc5 22.
Qd3 Ne7 23.f6 gxf6 24.Bxh6 Rf7 25.Be3 Qb4 26.Rfc1 Ra5 27.Bd2 f5 28.Ne2 
Rxd5 29.Qxd5 Nxd5 30.Bxb4 Nxb4 31.a3 N4a6 32.b4 Nd7 33.Rd1 Rf6 34.Rac1 c6 
35.b5 Nac5 36.bxc6 bxc6 37.a4 d5 38.Ra1 Rf8 39.f4 Nb3 40.Rab1 Na5 41.fxe5 
Nxe5 42.Nd4 Nac4 43.Rb3 f4 44.gxf4 Rxf4 45.Rg3+ Ng4 46.Kh3 Ne3 47.Rdg1 
Rxd4 48.Rxg4+ Rxg4 49.Rxg4+ 1-0

[Event "POL-chT3"]
[Site "Jastrzebia Gora POL"]
[Date "2015.??.??"]
[Round "6.4"]
[White "Duda, Lukasz"]
[Black "Goluch, Piotr"]
[Result "1/2-1/2"]
[WhiteElo "2153"]
[BlackElo "2270"]
[EventDate "2015.??.??"]
[WhiteTitle "I++"]
[BlackTitle "k++"]

1.e4 c6 2.d4 d5 3.exd5 cxd5 4.Bd3 Nc6 5.c3 Qc7 6.h3 Nf6 7.Nf3 g6 8.O-O Bg7
9.Re1 O-O 10.Bg5 h6 11.Bd2 Nh5 12.Ne5 Nxe5 13.dxe5 Bxe5 14.Bxh6 Bg7 15.
Bxg7 Kxg7 16.Na3 a6 17.Nc2 Nf4 18.Bf1 e5 19.Nb4 Rd8 20.Nd3 Nxd3 21.Bxd3 
Be6 22.Qe2 e4 23.Bc2 Qb6 24.Bb3 a5 25.c4 dxc4 26.Bxc4 Rd4 27.Bxe6 Qxe6 28.
Rad1 Rad8 29.Rxd4 Rxd4 30.Qb5 b6 31.b3 Rd2 32.f3 e3 33.Qg5 Rd3 34.h4 Qf6 
35.Qg3 Qd4 36.h5 Rd1 37.hxg6 Rxe1+ 38.Qxe1 e2+ 39.Kh2 Qd1 40.Qc3+ Kxg6 41.
Qc6+ Kg7 42.Qc3+ Kh7 43.Qf6 Kg8 44.Qg5+ Kf8 45.Qh6+ Ke7 46.Qg5+ Kd7 47.
Qf5+ Kd8 48.Qf6+ Ke8 49.Qe5+ Kd7 50.Qf5+ Kd6 51.Qf4+ Kd5 52.Qe4+ Kc5 53.
Qc4+ Kd6 54.Qf4+ Kc6 55.Qc4+ Kb7 56.Qxf7+ Kb8 57.Qe8+ Ka7 58.Qf7+ Ka6 59.
Qc4+ Kb7 60.Qf7+ 1/2-1/2

[Event "POL-chT3"]
[Site "Jastrzebia Gora POL"]
[Date "2015.??.??"]
[Round "6.5"]
[White "Dubinski, Mateusz"]
[Black "Dudys, Jakub"]
[Result "1/2-1/2"]
[WhiteElo "2207"]
[BlackElo "2115"]
[EventDate "2015.??.??"]
[WhiteTitle "CM"]
[BlackTitle "I++"]

1.e4 c5 2.Nf3 e6 3.d4 cxd4 4.Nxd4 a6 5.Nc3 Qc7 6.Be3 Nf6 7.Qf3 Bb4 8.Bd2 
Nc6 9.Nxc6 bxc6 10.a3 Be7 11.Qg3 Qxg3 12.hxg3 d5 13.Bd3 e5 14.f3 Be6 15.g4
d4 16.Na4 Nd7 17.b3 O-O 18.Nb2 Rfc8 19.Bc4 Bxc4 20.Nxc4 Rab8 21.Ke2 h6 22.
g3 f6 23.Ba5 Kf7 24.Rhb1 Ke6 25.Ra2 Bd8 26.Bb4 Be7 27.Ba5 Bd8 28.Bb4 Be7 
29.Bd2 Nc5 30.Nb2 Rb7 31.Bb4 Nd7 32.Bxe7 Kxe7 33.Nc4 Nc5 34.Rc1 d3+ 35.Ke3
dxc2 36.b4 Nb3 37.Rcxc2 c5 38.Rc3 cxb4 39.Rxb3 Rxc4 40.axb4 Rcxb4 41.Rxb4 
1/2-1/2

[Event "POL-chT3"]
[Site "Jastrzebia Gora POL"]
[Date "2015.??.??"]
[Round "6.6"]
[White "Szczurek, Natalia"]
[Black "Kulon, Klaudia"]
[Result "0-1"]
[WhiteElo "1748"]
[BlackElo "2250"]
[EventDate "2015.??.??"]
[WhiteTitle "I"]
[BlackTitle "WGM"]

1.e4 e5 2.Nf3 Nc6 3.d4 exd4 4.Nxd4 Nf6 5.Nc3 Bb4 6.Nxc6 bxc6 7.Bd3 d5 8.
exd5 cxd5 9.O-O O-O 10.Bg5 c6 11.Qf3 Be7 12.h3 h6 13.Bh4 Rb8 14.Rab1 Be6 
15.Rfe1 Rb4 16.Bg3 Qd7 17.a3 Rb7 18.Be5 Ne8 19.Kh1 a5 20.Ne2 Bf6 21.Bxf6 
Nxf6 22.Nf4 c5 23.b3 a4 24.Nxe6 fxe6 25.Qe3 Rfb8 26.Qxc5 axb3 27.cxb3 Rxb3
28.Rxb3 Rxb3 29.Bc2 Rb8 30.Qe3 Kf7 31.Bg6+ Kf8 32.Qxe6 Qxe6 33.Rxe6 Ra8 
34.Re3 d4 35.Rd3 Ra4 36.Rb3 Ke7 37.Rb4 Rxb4 38.axb4 Kd6 39.Kg1 Nd5 40.b5 
Kc5 41.Kf1 Kxb5 42.Ke1 Kc4 43.Kd2 Nf4 44.Be4 g5 45.Kc2 d3+ 46.Kd2 Kd4 47.
Bc6 Ne6 48.g3 Nc5 49.Bb5 Ne4+ 50.Ke1 d2+ 51.Ke2 Nc3+ 52.Kxd2 Nxb5 53.f3 
Nd6 54.Ke2 Nf5 55.Kf2 0-1

[Event "POL-chT3"]
[Site "Jastrzebia Gora POL"]
[Date "2015.??.??"]
[Round "6.7"]
[White "Krysztofiak, Marcin"]
[Black "Janaszak, Dawid"]
[Result "1/2-1/2"]
[WhiteElo "2392"]
[BlackElo "2373"]
[EventDate "2015.??.??"]
[WhiteTitle "IM"]
[BlackTitle "FM"]

1.Nf3 c5 2.c3 Nf6 3.d4 b6 4.Bg5 Bb7 5.Bxf6 gxf6 6.d5 f5 7.e4 fxe4 8.Ng5 
Qc7 9.Qh5 Qf4 10.Nd2 Bxd5 11.Nh3 Qd6 12.Rd1 Bb7 13.Nc4 Qh6 14.Qe5 Bg7 15.
Qc7 Qc6 16.Qg3 O-O 17.Ne5 Qe6 18.Nxd7 Nxd7 19.Nf4 Qh6 20.Rxd7 Bc6 21.Rxe7 
Rad8 22.c4 Kh8 23.Be2 Bf6 24.Rxa7 Rg8 25.Bg4 Rxg4 26.Qxg4 Rg8 27.Qf5 Rxg2 
28.Nxg2 Qc1+ 29.Ke2 Qc2+ 30.Ke1 Qc1+ 31.Ke2 Qc2+ 32.Ke1 Qc1+ 33.Ke2 Qc2+ 
1/2-1/2

[Event "POL-chT3"]
[Site "Jastrzebia Gora POL"]
[Date "2015.??.??"]
[Round "6.8"]
[White "Maciejczak, Jakub"]
[Black "Maksimenko, Andrei"]
[Result "0-1"]
[WhiteElo "2355"]
[BlackElo "2453"]
[EventDate "2015.??.??"]
[WhiteTitle "FM"]
[BlackTitle "GM"]

1.c4 c5 2.g3 Nc6 3.Bg2 g6 4.Nc3 Bg7 5.Nf3 e6 6.O-O Nge7 7.d3 O-O 8.a3 d5 
9.cxd5 exd5 10.Bd2 b6 11.Rc1 a5 12.Na4 Bd7 13.Qb3 Ra6 14.Rfe1 h6 15.h4 Qe8
16.Nc3 Be6 17.Qc2 d4 18.Na4 Qd7 19.e4 Na7 20.b3 Nb5 21.Ra1 Nc6 22.Kh2 Rc8 
23.Rf1 Kh7 24.Rfc1 f5 25.exf5 Bxf5 26.Re1 Rf8 27.Kg1 Bh3 28.Bh1 Qf5 29.Re4
Qd7 30.Qc4 Nc7 31.Qc2 Nb5 32.Qc4 Nc7 33.Qc2 Bf5 34.Ree1 Nd5 35.Qc4 Nc7 36.
Qc2 Nd5 37.Qc4 Nc7 38.Qc2 Be6 39.Rxe6 Qxe6 40.Re1 Qf7 41.Bg2 Nb5 42.Bc1 
Nc3 43.Bf4 Re8 44.Kf1 Rxe1+ 45.Nxe1 Ne7 46.Nxc3 dxc3 47.Be4 b5 48.h5 Kh8 
49.hxg6 Nxg6 50.Be3 a4 51.bxa4 b4 52.axb4 cxb4 53.d4 Ne7 54.Kg1 Qe6 55.Bb7
b3 56.Qxc3 Rb6 57.d5 Bxc3 0-1

[Event "POL-chT3"]
[Site "Jastrzebia Gora POL"]
[Date "2015.??.??"]
[Round "6.9"]
[White "Grabarczyk, Miroslaw"]
[Black "Dudzinski, Pawel"]
[Result "1-0"]
[WhiteElo "2442"]
[BlackElo "2261"]
[EventDate "2015.??.??"]
[WhiteTitle "GM"]
[BlackTitle "FM"]

1.d4 f5 2.c4 Nf6 3.Nf3 g6 4.g3 Bg7 5.Bg2 O-O 6.O-O d6 7.Nc3 Qe8 8.Re1 c6 
9.e4 fxe4 10.Nxe4 Nxe4 11.Rxe4 Bf5 12.Re1 Bg4 13.Re4 Bxf3 14.Bxf3 Qf7 15.
Kg2 Nd7 16.d5 Ne5 17.Rf4 Bf6 18.h4 Nxf3 19.Rxf3 cxd5 20.cxd5 Rac8 21.Bh6 
Rfd8 22.Qb3 Rc5 23.Rd1 Qe8 24.Qxb7 Rb8 25.Qxa7 Ra8 26.Qb7 Rb8 27.Qa6 Rxb2 
28.Rxf6 exf6 29.Qa7 Qe4+ 30.Kg1 Rxf2 31.Qg7# 1-0

[Event "POL-chT3"]
[Site "Jastrzebia Gora POL"]
[Date "2015.??.??"]
[Round "6.10"]
[White "Michalski, Filip"]
[Black "Borgula, Rafal"]
[Result "1/2-1/2"]
[WhiteElo "2176"]
[BlackElo "2267"]
[EventDate "2015.??.??"]
[WhiteTitle "I"]
[BlackTitle "FM"]

1.d4 d5 2.c4 e6 3.Nc3 Nf6 4.Nf3 Be7 5.e3 O-O 6.Qc2 c5 7.cxd5 exd5 8.Be2 
Nc6 9.dxc5 Bxc5 10.O-O Qe7 11.a3 Be6 12.b4 Bd6 13.Bb2 Rac8 14.Rac1 Bb8 15.
Rfd1 Rfd8 16.Qb1 Bg4 17.Ng5 d4 18.Bxg4 dxc3 19.Bxc3 Rxd1+ 20.Bxd1 g6 21.
Nf3 Ne4 22.Ba1 Re8 23.Qa2 Ne5 24.Bxe5 Bxe5 25.Nxe5 Qxe5 26.Bf3 Rd8 27.Bxe4
Qxe4 28.h3 Qe5 29.Qc2 a5 30.bxa5 Qxa5 31.a4 Ra8 32.Qc7 Qxc7 33.Rxc7 Rxa4 
34.Rxb7 g5 35.Rb5 h6 36.Kh2 Kg7 37.Kg3 Re4 38.Rb6 Kh7 39.Kf3 Ra4 40.Kg3 
Kg7 41.Rd6 Rb4 42.Rd4 Rb6 43.h4 Kg6 44.hxg5 hxg5 45.f4 gxf4+ 46.Kxf4 f6 
47.Rd5 Rb1 1/2-1/2

[Event "POL-chT3"]
[Site "Jastrzebia Gora POL"]
[Date "2015.??.??"]
[Round "6.11"]
[White "Robak, Zbigniew"]
[Black "Ziabek, Patryk"]
[Result "1-0"]
[WhiteElo "2192"]
[BlackElo "2038"]
[EventDate "2015.??.??"]
[WhiteTitle "m"]
[BlackTitle "I+"]

1.e4 e5 2.Nf3 Nc6 3.Bc4 Bc5 4.Nc3 Nf6 5.d3 d6 6.Na4 Qe7 7.Nxc5 dxc5 8.Bb5 
Bd7 9.Bg5 O-O-O 10.Bxc6 Bxc6 11.Qe2 h6 12.Bxf6 Qxf6 13.Qe3 b6 14.b3 Qe7 
15.O-O-O g5 16.g4 f6 17.h4 Bd7 18.Rdg1 Be6 19.Nd2 Rh7 20.f3 Rdh8 21.Nf1 
gxh4 22.Qf2 h5 23.Rxh4 hxg4 24.Rxh7 Qxh7 25.fxg4 Qh6+ 26.Ne3 Rg8 27.Kb1 
Qf4 28.Qe2 Rg6 29.Rf1 Qg3 30.Rf3 Qg1+ 31.Rf1 Qg3 32.Rf3 Qh4 33.Nf5 Bxf5 
34.gxf5 Rg5 35.Rf1 Qh3 36.Rc1 b5 37.Qf2 c4 38.Qxa7 cxb3 39.Qa6+ Kb8 40.
Qxb5+ Kc8 41.Qa6+ Kb8 42.axb3 Qh8 43.Qb5+ Kc8 44.Qd5 Rg8 45.Kb2 Rd8 46.Qc6
Qe8 47.Qa6+ Kd7 48.Qxf6 Ra8 49.Rg1 Qh5 50.Qe6+ 1-0

[Event "POL-chT3"]
[Site "Jastrzebia Gora POL"]
[Date "2015.??.??"]
[Round "6.12"]
[White "Magnucka, Milena"]
[Black "Weglarz, Joanna"]
[Result "1/2-1/2"]
[WhiteElo "1950"]
[BlackElo "2004"]
[EventDate "2015.??.??"]
[WhiteTitle "WFM"]
[BlackTitle "k"]

1.e4 c5 2.Nf3 d6 3.d4 cxd4 4.Nxd4 Nf6 5.Nc3 a6 6.Be3 e5 7.Nb3 Be6 8.f3 h5 
9.Qd2 Nbd7 10.O-O-O Rc8 11.Kb1 Be7 12.g3 Qc7 13.h3 b5 14.Qf2 b4 15.Nd5 
Bxd5 16.exd5 Ra8 17.Nc1 O-O 18.g4 Rfb8 19.g5 Nh7 20.h4 Nhf8 21.Rg1 g6 22.
Bh3 Nb6 23.Bxb6 Qxb6 24.Qd2 Ra7 25.f4 exf4 26.Qxf4 Nd7 27.Rgf1 Rf8 28.Bxd7
Rxd7 29.Nd3 a5 30.Nf2 a4 31.Ne4 a3 32.b3 Qc7 33.Rd4 Qb7 34.Nf6+ Bxf6 35.
gxf6 Kh7 36.Qe4 Rb8 37.Rf4 Qb6 38.Rf1 Rdb7 39.Rg1 Re8 40.Qd3 Rc7 41.Rd1 
Rc3 42.Qf1 Rce3 43.R4d2 1/2-1/2

[Event "POL-chT3"]
[Site "Jastrzebia Gora POL"]
[Date "2015.??.??"]
[Round "6.13"]
[White "Rudolf, Michal"]
[Black "Sivuk, Vitaly"]
[Result "1/2-1/2"]
[WhiteElo "2326"]
[BlackElo "2479"]
[EventDate "2015.??.??"]
[WhiteTitle "FM"]
[BlackTitle "GM"]

1.d4 d6 2.e4 g6 3.Nc3 Bg7 4.Be3 a6 5.a4 Nd7 6.h3 c5 7.Nf3 cxd4 8.Bxd4 Ngf6
9.Bc4 O-O 10.O-O b6 11.e5 dxe5 12.Nxe5 Bb7 13.Qe2 Qc7 14.Rad1 e6 15.Bb3 
Nxe5 16.Bxe5 Qc6 17.f3 Rfd8 18.Qe3 Rac8 19.Rfe1 b5 20.axb5 axb5 21.Rd4 Ne8
22.Red1 Rxd4 23.Qxd4 Bxe5 24.Qxe5 Qc5+ 25.Qxc5 Rxc5 26.Rd8 Kf8 27.Rb8 Bc6 
28.Rc8 Ke7 29.Nxb5 Rxb5 30.Rxc6 Nd6 31.Kf2 h5 32.g4 h4 33.f4 g5 34.Kf3 Rb4
35.fxg5 Ne4 36.g6 Ng5+ 37.Kg2 fxg6 38.Rc4 Rb6 39.Rd4 Kf6 40.Rd8 Ne4 41.Rd3
Rb4 42.Rf3+ Ke5 43.Re3 Kf4 44.Rf3+ Ke5 45.Re3 Kf4 46.Rf3+ Ke5 1/2-1/2

[Event "POL-chT3"]
[Site "Jastrzebia Gora POL"]
[Date "2015.??.??"]
[Round "6.14"]
[White "Kowalczyk, Pawel"]
[Black "Zujev, Oleg"]
[Result "0-1"]
[WhiteElo "2352"]
[BlackElo "2271"]
[EventDate "2015.??.??"]
[WhiteTitle "I++"]
[BlackTitle ""]

1.d4 Nf6 2.c4 g6 3.Nc3 d5 4.g3 Bg7 5.Bg2 dxc4 6.Qa4+ Nfd7 7.e3 O-O 8.Qxc4 
c5 9.Nge2 cxd4 10.exd4 Nb6 11.Qb3 Nc6 12.O-O Bg4 13.h3 Bf5 14.d5 Na5 15.
Qd1 Rc8 16.Nd4 Bd7 17.Re1 Re8 18.Qd3 Nac4 19.a4 Na5 20.Ra3 Nbc4 21.Ra2 Qb6
22.Nde2 Nb3 23.Bf4 Bf5 24.Qf3 Nc5 25.g4 Nd3 26.Rf1 Nxf4 27.Qxf4 Bd3 28.a5 
Nxa5 29.Qa4 Nc4 30.Rc1 Nxb2 31.Qxa7 Qxa7 32.Rxa7 b5 33.Bf1 b4 34.Na2 b3 
35.Nb4 Bc2 36.Rb7 Rc5 37.Bg2 Na4 38.Nxc2 Rxc2 39.Rxc2 bxc2 40.Rc7 Nc3 41.
Rxc3 Bxc3 42.Be4 Ra8 43.Bxc2 Ra2 44.Bd3 Rd2 45.Bc4 Bd4 46.Kf1 Bc5 47.Kg2 
Kg7 48.f4 f5 49.g5 Kf8 50.Kf3 Ke8 51.h4 Kd7 52.h5 Bd4 53.Bb5+ Kd6 54.hxg6 
hxg6 55.Be8 Kxd5 56.Bxg6 Rd3+ 57.Kg2 Ke4 58.Nxd4 Rxd4 59.Bf7 Kxf4 60.g6 
Rd3 0-1

[Event "POL-chT3"]
[Site "Jastrzebia Gora POL"]
[Date "2015.??.??"]
[Round "6.15"]
[White "Warszawski, Bartosz"]
[Black "Jagodzinski, Piotr"]
[Result "1/2-1/2"]
[WhiteElo "2224"]
[BlackElo "2246"]
[EventDate "2015.??.??"]
[WhiteTitle "m"]
[BlackTitle "k++"]

1.e4 c6 2.Nc3 d5 3.Nf3 Bg4 4.h3 Bxf3 5.Qxf3 e6 6.d4 Nf6 7.Bd3 Qb6 8.O-O 
Qxd4 9.Be3 Qb4 10.exd5 Nxd5 11.Nxd5 cxd5 12.c4 Nd7 13.cxd5 Ne5 14.Qe2 Nxd3
15.Qxd3 Rd8 16.Qc2 e5 17.Bxa7 Bd6 18.Be3 O-O 19.a3 Qb5 20.Rad1 Rc8 21.Qd2 
f5 22.f4 e4 23.Rc1 h6 24.Qd4 Kh7 25.Kh1 Rf6 26.Rfe1 Rd8 27.Qc4 Qd7 28.Rf1 
Rg6 29.Qe2 Rg3 30.Qf2 Rg6 31.Rfd1 Qb5 32.b4 Bb8 33.Bc5 b6 34.a4 Qa6 35.b5 
Qxa4 36.Bxb6 Rd7 37.Be3 Qxb5 38.Rb1 Qa4 39.Rd4 Qa8 40.Rbd1 Rgd6 41.Qb2 Bc7
42.Qb5 Qd8 43.R4d2 Ba5 44.Rb2 Rxd5 45.Rxd5 Rxd5 46.Qc6 Rd3 47.Qc5 Rd5 48.
Qc6 Rd1+ 49.Kh2 Qd5 50.Qe8 Bc7 51.Qc8 Qd7 52.Qxd7 Rxd7 53.Kg1 Bd8 54.g4 
Rd1+ 55.Kg2 Bf6 56.Rb5 fxg4 57.hxg4 Re1 58.Bf2 Re2 59.Kf1 Rb2 60.Rxb2 Bxb2
61.Ke2 Kg6 62.Ke3 h5 63.Kxe4 hxg4 64.f5+ Kh5 65.Bg3 Kg5 66.Be1 Ba3 67.Bc3 
Bf8 68.Be1 Be7 69.Bg3 Kh5 70.Be1 Bd6 71.Bc3 Kh6 72.Bd2+ Kh5 73.Bc3 Bf8 74.
Be1 Kg5 75.Bg3 Bc5 76.Be1 Bf8 77.Bg3 Ba3 78.Be5 Bf8 79.Bg3 Bc5 80.Be1 Bg1 
81.Bg3 Kh5 82.Kf4 Bc5 83.Ke4 Kg5 84.Be1 Bd6 85.Bc3 Kh6 86.Bd2+ Kh5 87.Bc3 
g3 88.Kf3 Kh6 89.Kg2 Kg5 90.Bxg7 Kxf5 1/2-1/2

[Event "POL-chT3"]
[Site "Jastrzebia Gora POL"]
[Date "2015.??.??"]
[Round "6.16"]
[White "Dobrowolski, Aleksander"]
[Black "Chalupnik, Marcin"]
[Result "1-0"]
[WhiteElo "2281"]
[BlackElo "2210"]
[EventDate "2015.??.??"]
[WhiteTitle "m"]
[BlackTitle "k++"]

1.e4 e6 2.d4 d5 3.Nc3 Nf6 4.e5 Nfd7 5.f4 c5 6.Nf3 Nc6 7.Be3 Be7 8.dxc5 
Bxc5 9.Qd2 Qb6 10.Bxc5 Nxc5 11.O-O-O O-O 12.Bd3 Nb4 13.Kb1 Bd7 14.Qf2 Rfc8
15.g4 Qa5 16.Nd4 b5 17.f5 Nbxd3 18.cxd3 b4 19.Nce2 Ba4 20.b3 Bb5 21.Nf4 
Qa6 22.Qe3 Rc7 23.f6 g5 24.Nxb5 Qxb5 25.Ne2 Rac8 26.Nd4 Qa6 27.Qxg5+ Kf8 
28.Qg7+ Ke8 29.Qg8+ Kd7 30.Qxf7+ Kd8 31.Qf8+ 1-0

[Event "POL-chT3"]
[Site "Jastrzebia Gora POL"]
[Date "2015.??.??"]
[Round "6.17"]
[White "Kaim, Piotr"]
[Black "Dowgird, Filip"]
[Result "1/2-1/2"]
[WhiteElo "2195"]
[BlackElo "2208"]
[EventDate "2015.??.??"]
[WhiteTitle "m"]
[BlackTitle "k"]

1.e4 e6 2.d4 d5 3.Nc3 Nc6 4.Nf3 Nf6 5.Bd3 Bb4 6.e5 Ne4 7.O-O Nxc3 8.bxc3 
Bxc3 9.Rb1 Bb4 10.Ng5 Be7 11.Nh3 g6 12.c3 Na5 13.Bh6 Bd7 14.Qg4 Bf8 15.Bg5
Be7 16.Bh6 Bf8 17.Be3 Bc6 18.Bg5 Be7 19.Bh6 Bf8 20.Bg5 Be7 21.Bh6 Bf8 22.
Bg5 1/2-1/2

[Event "POL-chT3"]
[Site "Jastrzebia Gora POL"]
[Date "2015.??.??"]
[Round "6.19"]
[White "Gumularz, Szymon"]
[Black "Tazbir, Marcin"]
[Result "0-1"]
[WhiteElo "2239"]
[BlackElo "2517"]
[EventDate "2015.??.??"]
[WhiteTitle "I++"]
[BlackTitle "GM"]

1.d4 Nf6 2.c4 e6 3.Nf3 Bb4+ 4.Nbd2 O-O 5.g3 c5 6.dxc5 Bxc5 7.Bg2 d5 8.O-O 
Nc6 9.a3 a5 10.cxd5 exd5 11.Nb3 Ba7 12.Nbd4 Qb6 13.e3 Bg4 14.Qd3 Ne4 15.
Nxc6 bxc6 16.b4 Bc8 17.Qc2 Ba6 18.Rd1 Rfe8 19.Nd4 c5 20.bxa5 Qf6 21.Nb3 
Rab8 22.Bxe4 dxe4 23.Bb2 Bd3 24.Qd2 Qf3 25.Qc3 Qg4 26.Rd2 f6 27.Rc1 c4 28.
Nd4 Bc5 29.a6 Qc8 30.Qa5 Ra8 31.Rxd3 exd3 32.Qb5 Bf8 33.a7 Re5 34.Qa4 Rc5 
35.Bc3 Qb7 36.Ne6 Qxa7 37.Qxa7 Rxa7 38.Nxf8 Rc6 39.Bb4 Rb7 40.Ne6 Rxe6 41.
Rxc4 Rd7 42.Rc1 Kf7 43.Kg2 Re4 44.Kf3 f5 45.h3 g6 46.g4 Rd5 47.Rc7+ Ke8 
48.Rc1 Kd7 49.gxf5 gxf5 50.Bd2 Re6 51.Bb4 Rc6 52.Rd1 Rc4 53.Bf8 Kc6 54.Bg7
Ra4 55.Bf8 Rh4 56.Kg3 Rc4 57.Kf3 Kb5 58.Rb1+ Ka4 59.Bb4 Rd7 60.Bf8 h5 61.
Bg7 0-1